000 00855nam a22002177a 4500
999 _c5398
_d5398
003 AR-CdUCM
008 190312b ||||| |||| 00| 0 spa d
040 _aMUNICIPALIDAD PROVINCIAL DEL CUSCO
_cBIBLIOTECA MUNICIPAL DEL CUSCO
082 _a869.63 /
_bAR68
100 _aArciniegas, Germán
_910801
245 _aGenio y figura de Jorge Isaacs /
260 _aBuenos Aires :
_bUniversitaria,
_c1967.
300 _a191 páginas ;
_c18 cm.
440 _aColección genio y figura
_n13
_916272
500 _aDonación familia Nieto
505 _aContenido: La vida de un poeta revolucionario en el siglo XIX -- Vida y pasión de María -- El idilio visto a través del paisaje -- Una aproximación a Poe -- Israel, o la suma de los milagros ...
650 _aNovelista
_916273
650 _aPoeta colombiano
_916274
942 _2ddc
_cLIBROS
945 _aafb